000 00884nam a2200181 a 4500
090 _aIAVH
_b00338
041 _aspa
110 _aColombia
_bMinisterio de Ambiente, Vivienda y Desarrollo Territorial
_992336
245 _aInforme anual sobre el estado del medio ambiente y los recursos naturales renovables en Colombia
260 _aBogotá
_bIDEAM
_bIAvH
_bSINCHI
_bINVEMAR
_bIIAP
_bIGAC
_bIngeominas
_c2004
300 _a256 p.
710 _a^aInstituto de Hidrología, Meteorogía y Estudios Ambientales
_992337
710 _a^aInstituto de Investigaciones Marinas y Costeras José Benito Vives de Andréis
_992338
710 _a^aInstituto de Investigaciones Ambientales del Pacífico
_921446
710 _a^aInstituto Amazónico de Investigaciones Científicas
_992339
710 _a^aUnidad Administrativa Especial del Sistema de Parques Nacionales Naturales
_921608
942 _cIMPRESO
999 _c4535
_d4535